[Event "Mauricie op"]
[Site "Trois-Rivieres CAN"]
[Date "2014.03.15"]
[Round "3"]
[White "Bolduc, Steve"]
[Black "Masse, Hugues"]
[Result "1-0"]
[WhiteElo "2148"]
[BlackElo "2259"]
[PlyCount "117"]
[EventDate "2014.03.14"]
[EventType "swiss"]
[EventRounds "5"]
[EventCountry "CAN"]

1. d4 Nf6 2. c4 g6 3. Nc3 d5 4. Nf3 Bg7 5. Qa4+ c6 6. Bg5 O-O 7. e3 Nbd7 8.
cxd5 Nb6 9. Qb3 Nbxd5 10. Bc4 Nxc3 11. bxc3 Ne4 12. Bh4 Nd6 13. Bd3 Be6 14. Qc2
Bc4 15. O-O Bxd3 16. Qxd3 b5 17. a4 a6 18. Ra2 Qc7 19. Rfa1 Rab8 20. axb5 axb5
21. Nd2 Rfc8 22. Nb3 Qd8 23. Nc5 Bf6 24. Bxf6 exf6 25. e4 Nc4 26. Ra7 Ra8 27.
h4 Rxa7 28. Rxa7 Rc7 29. Ra6 h5 30. Qg3 Kg7 31. Qf4 Qd6 32. Qxd6 Nxd6 33. f3
Kf8 34. Kf2 f5 35. e5 Ne8 36. Ke3 Ng7 37. Kf4 Ke7 38. Ra8 Ne6+ 39. Nxe6 Kxe6
40. Rd8 Ke7 41. Rd6 c5 42. d5 Rb7 43. Ke3 b4 44. Kd2 b3 45. Kc1 b2+ 46. Kb1 Rb3
47. Rc6 Rxc3 48. Kxb2 Re3 49. d6+ Ke6 50. Rxc5 f6 51. f4 Re4 52. Kc3 Rxf4 53.
Rd5 Kxd5 54. d7 Kxe5 55. d8=Q Rg4 56. Qd2 Rg3+ 57. Kc4 Rg4+ 58. Kc5 Re4 59.
Qd6# 1-0

[Event "Mauricie op"]
[Site "Trois-Rivieres CAN"]
[Date "2014.03.15"]
[Round "3"]
[White "Boudreau, Daniel"]
[Black "Forget, Luc"]
[Result "0-1"]
[WhiteElo "2089"]
[BlackElo "2009"]
[PlyCount "136"]
[EventDate "2014.03.14"]
[EventType "swiss"]
[EventRounds "5"]
[EventCountry "CAN"]

1. e4 e5 2. Bc4 Nf6 3. d3 Bc5 4. Nf3 d6 5. c3 O-O 6. b4 Bb6 7. Bg5 Be6 8. Nbd2
c6 9. Qb3 Qe7 10. O-O h6 11. Bh4 Nbd7 12. Rfe1 Bc7 13. d4 Bg4 14. Re3 b5 15.
Bd3 a5 16. h3 Bxf3 17. Nxf3 axb4 18. cxb4 Bb6 19. dxe5 Nxe5 20. Nxe5 Qxe5 21.
Ree1 g5 22. Bxb5 cxb5 23. Bg3 Qe6 24. Qd3 Rfd8 25. Rad1 Rxa2 26. Qxb5 Ba7 27.
e5 Qf5 28. Re2 Rxe2 29. Qxe2 Ne4 30. Kh2 Nc3 31. Qd3 Qxd3 32. Rxd3 Ne4 33. exd6
Nxg3 34. fxg3 Rd7 35. Ra3 Kg7 36. g4 Bb8 37. Kg1 Bxd6 38. Rb3 Rb7 39. b5 Bc5+
40. Kf1 Kf6 41. Ke2 Ke5 42. Kd3 Kd5 43. Rb1 Re7 44. Rf1 Re3+ 45. Kd2 Rg3 46.
Rf6 Rxg2+ 47. Ke1 Ke4 48. Rxf7 Kd3 49. Rf1 Rg1 50. Rxg1 Bxg1 51. Kf1 Bb6 52.
Kg2 Ke2 53. Kg3 Bc7+ 54. Kg2 Bb8 55. b6 Bd6 56. h4 Ke3 57. b7 Kf4 58. Kh3 Bb8
59. hxg5 hxg5 60. Kh2 Kxg4+ 61. Kg2 Kf4 62. Kf2 g4 63. Kg2 Ba7 64. Kh2 Kf3 65.
Kh1 Kg3 66. b8=Q+ Bxb8 67. Kg1 Ba7+ 68. Kh1 Kf2 0-1

[Event "Mauricie op"]
[Site "Trois-Rivieres CAN"]
[Date "2014.03.15"]
[Round "3"]
[White "Dumouchel, Alain"]
[Black "Lebeau, Gilbert"]
[Result "0-1"]
[WhiteElo "1914"]
[BlackElo "2020"]
[PlyCount "82"]
[EventDate "2014.03.14"]
[EventType "swiss"]
[EventRounds "5"]
[EventCountry "CAN"]

1. e4 e6 2. d4 d5 3. exd5 exd5 4. Nf3 Nf6 5. Bd3 Bd6 6. O-O O-O 7. Bg5 Be6 8.
Nbd2 Nbd7 9. Re1 c5 10. c4 Qb6 11. cxd5 Bxd5 12. Nc4 Bxc4 13. Bxc4 cxd4 14.
Qxd4 Bc5 15. Qh4 h6 16. Be3 Bxe3 17. fxe3 Rfe8 18. Qd4 Qa5 19. b4 Qh5 20. e4
Ne5 21. Nxe5 Qxe5 22. Rad1 Qxd4+ 23. Rxd4 Re5 24. h3 Rae8 25. Bd3 h5 26. Kf2 h4
27. a4 R8e7 28. Rd8+ Kh7 29. Kf3 g5 30. b5 b6 31. Ra8 Kg7 32. Re2 Nh5 33. Rd8
Nf4 34. Ra2 Nxd3 35. Rxd3 Rxe4 36. g3 hxg3 37. Kxg3 Re3+ 38. Rxe3 Rxe3+ 39. Kg2
Kg6 40. a5 Rb3 41. axb6 axb6 0-1

[Event "Mauricie op"]
[Site "Trois-Rivieres CAN"]
[Date "2014.03.15"]
[Round "3"]
[White "Fortier, Marc-Andre"]
[Black "Luksza, Arkadiusz"]
[Result "1-0"]
[WhiteElo "2082"]
[BlackElo "2157"]
[PlyCount "56"]
[EventDate "2014.03.14"]
[EventType "swiss"]
[EventRounds "5"]
[EventCountry "CAN"]

1. e4 e6 2. d3 d5 3. Nd2 c5 4. g3 Nc6 5. Bg2 Nf6 6. h3 e5 7. Ne2 Be7 8. O-O O-O
9. f4 exf4 10. Nxf4 dxe4 11. Nxe4 Nxe4 12. Bxe4 Bf6 13. Qh5 g6 14. Qh6 Be5 15.
Nh5 f5 16. Bxc6 bxc6 17. Bg5 Qc7 18. Nf4 c4 19. dxc4 Bg7 20. Qh4 Qb6+ 21. Kh1
Qxb2 22. Rae1 Qxc2 23. Re7 Rb8 24. Nxg6 Rf7 25. Re8+ Bf8 26. Ne7+ Rxe7 27. Bxe7
Qd3 28. Rxf8+ Kg7 1-0

[Event "Mauricie op"]
[Site "Trois-Rivieres CAN"]
[Date "2014.03.15"]
[Round "3"]
[White "Gelet, Seymour"]
[Black "Robichaud, Louis"]
[Result "1-0"]
[WhiteElo "2082"]
[BlackElo "2110"]
[PlyCount "85"]
[EventDate "2014.03.14"]
[EventType "swiss"]
[EventRounds "5"]
[EventCountry "CAN"]

1. d4 Nf6 2. c4 g6 3. Nc3 Bg7 4. e4 d6 5. Be2 O-O 6. Nf3 e5 7. dxe5 dxe5 8.
Qxd8 Rxd8 9. Bg5 Re8 10. O-O-O h6 11. Bxf6 Bxf6 12. Nd5 Bd8 13. h3 c6 14. Ne3
Na6 15. Bd3 Nc5 16. Bc2 a5 17. Nxe5 Bb6 18. N3g4 Kg7 19. Nf3 h5 20. Nge5 Bc7
21. Nd3 Nxe4 22. Rhe1 Nf6 23. Rxe8 Nxe8 24. Re1 Kf8 25. Re2 Bf5 26. Nc5 Bxc2
27. Kxc2 b6 28. Nd7+ Kg8 29. Nd4 c5 30. Nb5 Bf4 31. Nxb6 Rd8 32. Nd5 Bg5 33. f4
Bh4 34. Re3 Ng7 35. g4 hxg4 36. hxg4 Ne6 37. f5 gxf5 38. gxf5 Ng7 39. f6 Ne8
40. Re4 Bf2 41. Re2 Bh4 42. Re4 Bf2 43. Rf4 1-0

[Event "Mauricie op"]
[Site "Trois-Rivieres CAN"]
[Date "2014.03.15"]
[Round "3"]
[White "Larochelle, Martial"]
[Black "Lemire-Paquin, Alexandre"]
[Result "1/2-1/2"]
[WhiteElo "2178"]
[BlackElo "2048"]
[PlyCount "68"]
[EventDate "2014.03.14"]
[EventType "swiss"]
[EventRounds "5"]
[EventCountry "CAN"]

1. d4 Nf6 2. c4 g6 3. Nc3 Bg7 4. e4 d6 5. Be2 O-O 6. Bg5 c5 7. d5 e6 8. Qd2
exd5 9. exd5 Re8 10. Nf3 Qb6 11. O-O Bf5 12. Rae1 Na6 13. Bd1 Ne4 14. Nxe4 Bxe4
15. b3 Qb4 16. Qe3 Qc3 17. Nd2 Qxe3 18. Rxe3 Bf5 19. Rfe1 Nc7 20. g4 Bd3 21.
Ne4 Bxe4 22. Rxe4 Rxe4 23. Rxe4 Re8 24. Rxe8+ Nxe8 25. Be3 a5 26. a4 b6 27. Kg2
Kf8 28. g5 Ke7 29. Bg4 Bc3 30. h4 Nc7 31. Kf3 Na6 32. Ke2 Nb4 33. Bd2 Bxd2 34.
Kxd2 Kf8 1/2-1/2

[Event "Mauricie op"]
[Site "Trois-Rivieres CAN"]
[Date "2014.03.16"]
[Round "4"]
[White "Cloutier, Mario"]
[Black "Robichaud, Louis"]
[Result "0-1"]
[WhiteElo "2052"]
[BlackElo "2110"]
[PlyCount "82"]
[EventDate "2014.03.14"]
[EventType "swiss"]
[EventRounds "5"]
[EventCountry "CAN"]

1. d4 Nf6 2. c4 g6 3. Nc3 Bg7 4. e4 d6 5. Nf3 O-O 6. Be2 e5 7. O-O Nc6 8. Be3
Ng4 9. Bg5 f6 10. Bh4 g5 11. Bg3 Nh6 12. dxe5 dxe5 13. c5 Be6 14. Qa4 g4 15.
Bc4 Qe7 16. Nh4 Nd4 17. Bxe6+ Qxe6 18. Nd5 Qf7 19. Ne3 b5 20. Qd1 Qe6 21. Nhf5
Nhxf5 22. exf5 Nxf5 23. Qxg4 Nd4 24. Qxe6+ Nxe6 25. b4 a5 26. a3 Nd4 27. f3 f5
28. Bf2 e4 29. Rad1 f4 30. fxe4 fxe3 31. Bxe3 Rxf1+ 32. Rxf1 axb4 33. axb4 Nc2
34. Bd2 Bd4+ 35. Kh1 c6 36. g4 Ra1 37. Kg2 Rxf1 38. Kxf1 Bb2 39. Ke2 Ba3 40.
Kd3 Nxb4+ 41. Kc3 Na6 0-1

[Event "Mauricie op"]
[Site "Trois-Rivieres CAN"]
[Date "2014.03.16"]
[Round "4"]
[White "Forget, Luc"]
[Black "Luksza, Arkadiusz"]
[Result "0-1"]
[WhiteElo "2009"]
[BlackElo "2157"]
[PlyCount "118"]
[EventDate "2014.03.14"]
[EventType "swiss"]
[EventRounds "5"]
[EventCountry "CAN"]

1. c4 e6 2. Nc3 d5 3. d4 Nf6 4. Nf3 c6 5. Bg5 h6 6. Bh4 Nbd7 7. e3 Be7 8. Bd3
dxc4 9. Bxc4 Nd5 10. Bxe7 Qxe7 11. Rc1 N7b6 12. Bb3 a5 13. O-O Nxc3 14. Rxc3 a4
15. Bc2 Nd5 16. Rc5 a3 17. Qd2 b6 18. Rxc6 Bd7 19. Rc4 Bb5 20. b3 Bxc4 21. bxc4
Nf6 22. Rb1 Nd7 23. Be4 Rc8 24. Qd3 O-O 25. Bb7 Rc7 26. Ba6 e5 27. Qe4 Re8 28.
Bb5 exd4 29. Qxd4 Qc5 30. h3 Re7 31. Rd1 Qxd4 32. exd4 Re2 33. Rd2 Rxd2 34.
Nxd2 Kf8 35. Kf1 Ke7 36. Ke2 f5 37. Kd3 Nf6 38. Nb1 Ne4 39. Nc3 Nxc3 40. Kxc3
Kd6 41. Kb3 Ra7 42. Kb4 f4 43. c5+ bxc5+ 44. dxc5+ Kc7 45. Be2 Ra8 46. Bf3 Rb8+
47. Kxa3 Rb5 48. c6 Kb6 49. Ka4 Rb2 50. Ka3 Rb5 51. Ka4 g5 52. c7 Rc5 53. Kb4
Rxc7 54. a4 Rc2 55. Kb3 Rxf2 56. Kc4 Rd2 57. Kc3 Rd8 58. Kc4 Ka5 59. h4 gxh4
0-1

[Event "Mauricie op"]
[Site "Trois-Rivieres CAN"]
[Date "2014.03.16"]
[Round "4"]
[White "Lebeau, Gilbert"]
[Black "Larochelle, Martial"]
[Result "0-1"]
[WhiteElo "2020"]
[BlackElo "2178"]
[PlyCount "62"]
[EventDate "2014.03.14"]
[EventType "swiss"]
[EventRounds "5"]
[EventCountry "CAN"]

1. d4 Nf6 2. Nf3 g6 3. c4 Bg7 4. Nc3 d5 5. cxd5 Nxd5 6. e4 Nxc3 7. bxc3 c5 8.
Be3 Qa5 9. Qd2 Nc6 10. Rb1 a6 11. Be2 O-O 12. O-O cxd4 13. Nxd4 Nxd4 14. Bxd4
Bxd4 15. Qxd4 b5 16. Rb2 Be6 17. f4 Rad8 18. Qe3 Rc8 19. f5 Rxc3 20. Qh6 Qb6+
21. Kh1 Bc4 22. e5 Qe3 23. Qxe3 Rxe3 24. Bxc4 bxc4 25. Rc2 Rxe5 26. fxg6 fxg6
27. Rfc1 Rc8 28. Rc3 Re2 29. a3 Rc5 30. h3 Ra2 31. Re1 Kf7 0-1

[Event "Mauricie op"]
[Site "Trois-Rivieres CAN"]
[Date "2014.03.16"]
[Round "4"]
[White "Lemire-Paquin, Alexandre"]
[Black "Hamilton, Robert"]
[Result "0-1"]
[WhiteElo "2048"]
[BlackElo "2248"]
[PlyCount "48"]
[EventDate "2014.03.14"]
[EventType "swiss"]
[EventRounds "5"]
[EventCountry "CAN"]

1. b3 Nf6 2. Bb2 g6 3. f4 Bg7 4. Nf3 O-O 5. e3 c5 6. Be2 Nc6 7. O-O d5 8. Ne5
Nxe5 9. Bxe5 d4 10. Bf3 Nd5 11. Bxg7 Kxg7 12. Qe2 Nb4 13. Na3 d3 14. cxd3 Qxd3
15. Rfc1 Qxe2 16. Bxe2 b6 17. Bf3 Rb8 18. d4 cxd4 19. Rc4 a5 20. Rxd4 Be6 21.
Rd2 Rbc8 22. Rad1 Rc5 23. Be2 Nd5 24. Kf2 Nc3 0-1

[Event "Mauricie op"]
[Site "Trois-Rivieres CAN"]
[Date "2014.03.16"]
[Round "4"]
[White "Masse, Hugues"]
[Black "Trottier, Emile"]
[Result "1-0"]
[WhiteElo "2259"]
[BlackElo "2010"]
[PlyCount "75"]
[EventDate "2014.03.14"]
[EventType "swiss"]
[EventRounds "5"]
[EventCountry "CAN"]

1. d4 e6 2. c4 f5 3. g3 d5 4. Bg2 c6 5. Nf3 Nf6 6. O-O Bd6 7. Nc3 O-O 8. Qc2
Bd7 9. Rb1 Be8 10. b4 Nbd7 11. b5 Ne4 12. bxc6 bxc6 13. c5 Bc7 14. Nxe4 fxe4
15. Ng5 Qf6 16. Bh3 Bg6 17. Bxe6+ Kh8 18. Be3 Bf5 19. Bxf5 Qxf5 20. Kg2 Nf6 21.
Nh3 Ng4 22. Qd2 Rab8 23. Rb3 Rxb3 24. axb3 Ba5 25. Qc1 h6 26. Bf4 g5 27. Bd6
Rf7 28. f3 exf3+ 29. exf3 Nf6 30. Qb1 Qe6 31. b4 Bd8 32. Re1 Qd7 33. Nf2 Ne8
34. Be5+ Bf6 35. Qg6 Bxe5 36. Qxh6+ Kg8 37. Rxe5 Ng7 38. Ng4 1-0

[Event "Mauricie op"]
[Site "Trois-Rivieres CAN"]
[Date "2014.03.16"]
[Round "5"]
[White "Forget, Luc"]
[Black "Lemire-Paquin, Alexandre"]
[Result "0-1"]
[WhiteElo "2009"]
[BlackElo "2048"]
[PlyCount "72"]
[EventDate "2014.03.14"]
[EventType "swiss"]
[EventRounds "5"]
[EventCountry "CAN"]

1. d4 Nf6 2. c4 g6 3. Nc3 Bg7 4. e4 d6 5. Nf3 O-O 6. h3 e5 7. dxe5 dxe5 8. Qxd8
Rxd8 9. Bg5 c6 10. Rd1 Rxd1+ 11. Kxd1 Nbd7 12. Kc2 Nc5 13. Bd3 Be6 14. b3 Nfd7
15. Be7 f6 16. Rd1 a5 17. Be2 Bf8 18. Bxf8 Kxf8 19. Kb2 Ke7 20. a3 Bf7 21. Ne1
Nb6 22. Nc2 Ne6 23. Bg4 a4 24. Bxe6 Bxe6 25. Ne3 axb3 26. Kxb3 Nxc4 27. Nxc4 b5
28. Kb4 Bxc4 29. a4 Rc8 30. Kc5 Bb3 31. Ra1 bxa4 32. Nb1 Rd8 33. Na3 Rd2 34.
Kxc6 Rxf2 35. Rc1 Rxg2 36. Kb5 Rd2 0-1

[Event "Mauricie op"]
[Site "Trois-Rivieres CAN"]
[Date "2014.03.16"]
[Round "5"]
[White "Gelet, Seymour"]
[Black "Luo, Zhao Yang"]
[Result "1/2-1/2"]
[WhiteElo "2082"]
[BlackElo "2043"]
[PlyCount "21"]
[EventDate "2014.03.14"]
[EventType "swiss"]
[EventRounds "5"]
[EventCountry "CAN"]

1. d4 Nf6 2. c4 g6 3. Nc3 Bg7 4. e4 d6 5. Be2 O-O 6. Nf3 e5 7. dxe5 dxe5 8.
Qxd8 Rxd8 9. Bg5 Re8 10. O-O-O Na6 11. h3 1/2-1/2

[Event "Mauricie op"]
[Site "Trois-Rivieres CAN"]
[Date "2014.03.16"]
[Round "5"]
[White "Libersan, Thierry"]
[Black "Poulin, Mathieu"]
[Result "1-0"]
[WhiteElo "2167"]
[BlackElo "2055"]
[PlyCount "69"]
[EventDate "2014.03.14"]
[EventType "swiss"]
[EventRounds "5"]
[EventCountry "CAN"]

1. e4 c6 2. d4 d5 3. Nc3 dxe4 4. Nxe4 Bf5 5. Ng3 Bg6 6. Nf3 e6 7. h4 h6 8. h5
Bh7 9. Bd3 Bxd3 10. Qxd3 Nf6 11. Bd2 Qc7 12. Ne4 Nbd7 13. O-O-O Nxe4 14. Qxe4
Nf6 15. Qe2 Bd6 16. g3 O-O-O 17. Kb1 Kb8 18. c4 c5 19. Bc3 Ka8 20. dxc5 Bxc5
21. Ne5 Rhf8 22. f4 Bd6 23. g4 Rc8 24. g5 Ng8 25. Ng4 f6 26. gxh6 gxh6 27. Qxe6
Bxf4 28. Rhe1 Qxc4 29. Qxc4 Rxc4 30. Rf1 f5 31. Ne5 Re4 32. Ng6 Rfe8 33. Rxf4
Ne7 34. Rxe4 fxe4 35. Nxe7 1-0

[Event "Mauricie op"]
[Site "Trois-Rivieres CAN"]
[Date "2014.03.16"]
[Round "5"]
[White "Luksza, Arkadiusz"]
[Black "Djerkovic, Miladin"]
[Result "1-0"]
[WhiteElo "2157"]
[BlackElo "2234"]
[PlyCount "61"]
[EventDate "2014.03.14"]
[EventType "swiss"]
[EventRounds "5"]
[EventCountry "CAN"]

1. d4 Nf6 2. c4 e5 3. dxe5 Ng4 4. Nf3 Bc5 5. e3 Nc6 6. Nc3 Ngxe5 7. Be2 O-O 8.
a3 a5 9. Ne4 Ba7 10. Bd2 d6 11. O-O Nxf3+ 12. Bxf3 Ne5 13. Be2 Be6 14. Rc1 f5
15. Ng3 Qh4 16. f4 Nc6 17. Rf3 g5 18. Nf1 g4 19. Rf2 Qe7 20. b4 axb4 21. axb4
Bb6 22. Bc3 Nb8 23. Bd4 Nd7 24. Qc2 Nf6 25. Bd3 Nh5 26. g3 c5 27. bxc5 Bxc5 28.
Bxc5 dxc5 29. e4 fxe4 30. Bxe4 Nf6 31. Re2 1-0

[Event "Mauricie op"]
[Site "Trois-Rivieres CAN"]
[Date "2014.03.16"]
[Round "5"]
[White "Robichaud, Louis"]
[Black "Wilkin, Alain"]
[Result "1-0"]
[WhiteElo "2110"]
[BlackElo "1972"]
[PlyCount "87"]
[EventDate "2014.03.14"]
[EventType "swiss"]
[EventRounds "5"]
[EventCountry "CAN"]

1. e4 b6 2. g3 Bb7 3. Bg2 c5 4. d3 e6 5. f4 d6 6. Nf3 Nd7 7. O-O Ne7 8. Nc3 a6
9. e5 d5 10. f5 Nxf5 11. Ng5 Nxe5 12. Qe1 Bd6 13. g4 Nh6 14. h3 O-O 15. Nf3 Ng6
16. Bg5 Be7 17. Bd2 Nh4 18. Nxh4 Bxh4 19. Qe5 Be7 20. Qh5 Qe8 21. Rae1 Rd8 22.
Re5 Kh8 23. Bxh6 gxh6 24. Qxh6 Rg8 25. Rh5 Rg7 26. Ne2 Qg8 27. Qf4 f6 28. Qc7
Bd6 29. Qxb6 f5 30. Nf4 Rdd7 31. c4 fxg4 32. h4 Qe8 33. Rh6 Bxf4 34. Rxf4 Rde7
35. Rhf6 Rg8 36. Qxc5 e5 37. R4f5 Bc8 38. Rf1 dxc4 39. dxc4 Qd7 40. Bd5 Rd8 41.
Rf8+ Rxf8 42. Rxf8+ Kg7 43. Rg8+ Kh6 44. Qe3+ 1-0

[Event "Mauricie op"]
[Site "Trois-Rivieres CAN"]
[Date "2014.03.16"]
[Round "5"]
[White "Trottier, Emile"]
[Black "Turcotte, Jonathan"]
[Result "1/2-1/2"]
[WhiteElo "2010"]
[BlackElo "2007"]
[PlyCount "58"]
[EventDate "2014.03.14"]
[EventType "swiss"]
[EventRounds "5"]
[EventCountry "CAN"]

1. e4 c6 2. d4 d5 3. exd5 cxd5 4. c4 Nf6 5. Nc3 Nc6 6. Nf3 Bg4 7. cxd5 Nxd5 8.
Be2 e6 9. O-O Be7 10. Be3 O-O 11. Qb3 a6 12. Nxd5 Qxd5 13. Qxd5 exd5 14. h3 Be6
15. Rac1 Rac8 16. Rfd1 Rfd8 17. Ne5 Na5 18. Rxc8 Rxc8 19. Rc1 Rxc1+ 20. Bxc1 f6
21. Nd3 Nc6 22. Be3 Bd6 23. a3 Kf7 24. Kf1 Ke8 25. Ke1 Kd8 26. Nc5 Bc8 27. Bf3
Ne7 28. Nd3 Kc7 29. Bd2 Be6 1/2-1/2

[Event "Mauricie op U1400"]
[Site "Trois-Rivieres CAN"]
[Date "2014.03.14"]
[Round "1"]
[White "Cantin, Jean"]
[Black "Coupal, Gerald"]
[Result "0-1"]
[WhiteElo "1205"]
[BlackElo "1299"]
[PlyCount "86"]
[EventDate "2014.03.14"]
[EventType "swiss"]
[EventRounds "5"]
[EventCountry "CAN"]

1. e4 c5 2. Nf3 e6 3. d4 cxd4 4. e5 Nc6 5. Bb5 Qa5+ 6. Nc3 dxc3 7. Bxc6 bxc6 8.
O-O cxb2 9. Bxb2 Bb4 10. Qd3 Ba6 11. c4 Rb8 12. a3 Bc5 13. Bc3 Qc7 14. Ng5 Be7
15. Ne4 c5 16. Nd6+ Kf8 17. Qf3 Nh6 18. Rad1 Bxd6 19. exd6 Qc6 20. Qg3 Nf5 21.
Qg5 Re8 22. g4 h6 23. Qf4 Nh4 24. f3 Ng6 25. Qc1 f6 26. Bb2 Kf7 27. Kg2 Rb8 28.
h4 Nxh4+ 29. Kg3 Ng6 30. f4 h5 31. f5 Rb3+ 32. Bc3 Ne5 33. g5 Bxc4 34. Kh4 Nf3+
35. Kg3 h4+ 36. Kg4 Qe4+ 37. Qf4 Qxf4+ 38. Kxf4 Bxf1 39. Rxf1 Rxc3 40. Rxf3 e5+
41. Ke4 Rxf3 42. Kxf3 h3 43. g6+ Kf8 0-1

[Event "Mauricie op U1400"]
[Site "Trois-Rivieres CAN"]
[Date "2014.03.14"]
[Round "1"]
[White "Gunn, Richard"]
[Black "Demers, Claude"]
[Result "1-0"]
[WhiteElo "1322"]
[BlackElo "1235"]
[PlyCount "43"]
[EventDate "2014.03.14"]
[EventType "swiss"]
[EventRounds "5"]
[EventCountry "CAN"]

1. c4 c5 2. f4 Qc7 3. e3 Nf6 4. Nc3 b6 5. d4 cxd4 6. exd4 e6 7. Bd3 Bb7 8. Nf3
Be7 9. O-O d6 10. f5 exf5 11. Bxf5 Qxc4 12. Re1 Nc6 13. Bd3 Qb4 14. a3 Qa5 15.
Bb5 Kf8 16. Rxe7 Kxe7 17. d5 Nb4 18. Bg5 Nbxd5 19. Nxd5+ Bxd5 20. Qxd5 Rhd8 21.
b4 Kf8 22. Bxf6 1-0

[Event "Mauricie op U1400"]
[Site "Trois-Rivieres CAN"]
[Date "2014.03.14"]
[Round "1"]
[White "Poulin, Richard"]
[Black "Noel, Maxime"]
[Result "0-1"]
[WhiteElo "1312"]
[BlackElo "1226"]
[PlyCount "60"]
[EventDate "2014.03.14"]
[EventType "swiss"]
[EventRounds "5"]
[EventCountry "CAN"]

1. e4 c6 2. d4 d5 3. exd5 cxd5 4. c4 Nf6 5. Nc3 Bg4 6. Qb3 Nc6 7. Be3 Na5 8.
Qb5+ Bd7 9. Qb4 e6 10. c5 Qc7 11. Nb5 Bxb5 12. Bxb5+ Nc6 13. Nf3 Be7 14. O-O
O-O 15. Bxc6 bxc6 16. Qa4 Ne4 17. Ne5 Rfc8 18. Qd1 Rab8 19. Rb1 Bf6 20. Bf4 Rb5
21. a4 Rb7 22. Nd3 Qa5 23. b4 Qd8 24. Qc2 Bxd4 25. Ne5 Qf6 26. Nd3 e5 27. Bc1
Nc3 28. Ra1 e4 29. Nf4 Rxb4 30. Bd2 Rcb8 0-1

[Event "Mauricie op U1400"]
[Site "Trois-Rivieres CAN"]
[Date "2014.03.14"]
[Round "1"]
[White "Sevigny, Jean"]
[Black "Tremblay, Alain2"]
[Result "0-1"]
[WhiteElo "1267"]
[BlackElo "1363"]
[PlyCount "50"]
[EventDate "2014.03.14"]
[EventType "swiss"]
[EventRounds "5"]
[EventCountry "CAN"]

1. e4 c5 2. Nf3 Nc6 3. Nc3 e6 4. Bc4 a6 5. a3 b5 6. Ba2 Bb7 7. d3 d6 8. Bf4 Be7
9. Qd2 Nd4 10. Nxd4 cxd4 11. Ne2 e5 12. Bg3 Nf6 13. O-O Rc8 14. f4 Ng4 15. fxe5
O-O 16. Rf4 Bg5 17. e6 d5 18. Qb4 Bxf4 19. e7 Be3+ 20. Kh1 Qd7 21. exf8=Q+ Rxf8
22. h3 Nf6 23. Bf4 dxe4 24. Bxe3 exd3 25. Nxd4 Qxh3+ 0-1

[Event "Mauricie op U1400"]
[Site "Trois-Rivieres CAN"]
[Date "2014.03.14"]
[Round "1"]
[White "Sirois, Marco"]
[Black "Gosselin, Jonathan"]
[Result "1-0"]
[WhiteElo "1236"]
[BlackElo "1329"]
[PlyCount "69"]
[EventDate "2014.03.14"]
[EventType "swiss"]
[EventRounds "5"]
[EventCountry "CAN"]

1. e4 f6 2. d4 c6 3. Nf3 Qb6 4. Nc3 e6 5. b3 Bb4 6. Qd3 Qa5 7. Bd2 Ne7 8. Be2
d5 9. O-O Nd7 10. a3 Bxc3 11. Bxc3 Qc7 12. Nd2 e5 13. Qg3 g6 14. f4 exf4 15.
Rxf4 dxe4 16. Rxe4 Qxg3 17. hxg3 f5 18. Re3 Rf8 19. Bb4 c5 20. dxc5 a5 21. Bc3
Nxc5 22. Bb5+ Bd7 23. Bxd7+ Kxd7 24. Nc4 Ra6 25. Rd1+ Ke8 26. Bxa5 Rff6 27.
Rd8+ Kf7 28. Ne5+ Kg7 29. Bc3 Kh6 30. Ng4+ fxg4 31. Bxf6 Nc6 32. Rd5 b6 33. Rd6
b5 34. Bc3 Ne4 35. Rxc6 1-0

[Event "Mauricie op U1400"]
[Site "Trois-Rivieres CAN"]
[Date "2014.03.14"]
[Round "1"]
[White "Zhong, Wenxuan"]
[Black "Larose, Francois"]
[Result "1-0"]
[WhiteElo "1388"]
[BlackElo "1170"]
[PlyCount "121"]
[EventDate "2014.03.14"]
[EventType "swiss"]
[EventRounds "5"]
[EventCountry "CAN"]

1. e4 c5 2. Nf3 d6 3. d4 cxd4 4. Nxd4 e5 5. Nb5 a6 6. N5c3 Nc6 7. Bc4 Nf6 8.
O-O Be7 9. Kh1 b5 10. Bb3 Na5 11. Nd2 Nxb3 12. axb3 Be6 13. h3 Qc8 14. Nf3 b4
15. Na4 Rb8 16. Re1 Qc7 17. Ng5 Bd7 18. f4 h6 19. Nf3 Bc6 20. Qd3 Bb5 21. c4
bxc3 22. Qxc3 Qxc3 23. Nxc3 O-O 24. fxe5 dxe5 25. Nxe5 Nd7 26. Bf4 Nxe5 27.
Bxe5 Rb7 28. Nd5 Bd8 29. Rac1 Bd7 30. b4 Be6 31. Red1 Bg5 32. Rc6 Bxd5 33. exd5
Rxb4 34. Bd6 Rfb8 35. Bxb4 Rxb4 36. d6 Rxb2 37. d7 Kh7 38. d8=Q Bxd8 39. Rxd8
Rb7 40. Rxa6 Re7 41. Rad6 Re5 42. R8d7 Kg8 43. Rc6 Rf5 44. Kh2 Rf2 45. Kg3 Rf1
46. Rc8+ Kh7 47. Rf8 Kg6 48. Rd4 Rf6 49. Rf4 Rxf4 50. Kxf4 f6 51. h4 h5 52. g4
hxg4 53. Kxg4 Kh7 54. h5 g6 55. Rxf6 gxh5+ 56. Kxh5 Kg7 57. Rb6 Kh7 58. Rb7+
Kg8 59. Kg6 Kf8 60. Kf6 Ke8 61. Rh7 1-0

[Event "Mauricie op U1400"]
[Site "Trois-Rivieres CAN"]
[Date "2014.03.15"]
[Round "2"]
[White "Coupal, Gerald"]
[Black "Sirois, Marco"]
[Result "0-1"]
[WhiteElo "1299"]
[BlackElo "1236"]
[PlyCount "122"]
[EventDate "2014.03.14"]
[EventType "swiss"]
[EventRounds "5"]
[EventCountry "CAN"]

1. e4 c5 2. Nc3 d6 3. Bc4 Nf6 4. Nf3 Bg4 5. d3 e5 6. h3 Bxf3 7. Qxf3 Nc6 8. O-O
Nd4 9. Qd1 Be7 10. Nd5 b5 11. Nxf6+ Bxf6 12. Bd5 Rc8 13. c3 Nc6 14. Qb3 O-O 15.
Qxb5 Ne7 16. Qa4 Nxd5 17. exd5 Qb6 18. Re1 Be7 19. b4 f5 20. bxc5 Qxc5 21. c4
f4 22. Qa3 Qb6 23. Bd2 Bh4 24. Rf1 f3 25. Be3 Qd8 26. g3 Bg5 27. Qc1 Be7 28.
Bxa7 Qd7 29. Kh2 Qxa7 30. Qc2 Qd7 31. Rab1 Qf5 32. Rb7 Bf6 33. Rfb1 h5 34. R1b6
Rfd8 35. Qd1 h4 36. Rb2 hxg3+ 37. fxg3 f2 38. Kg2 f1=Q+ 39. Qxf1 Qxf1+ 40. Kxf1
e4 41. R2b3 exd3 42. Rxd3 Rxc4 43. Ke2 Ra8 44. Rd2 Bg5 45. Rdb2 Re8+ 46. Kd3
Rc1 47. Rb8 Rxb8 48. Rxb8+ Kf7 49. Rb7+ Kf8 50. Rb8+ Kf7 51. h4 Be7 52. Rb2 Rg1
53. Rf2+ Kg6 54. Re2 Rxg3+ 55. Re3 Rxe3+ 56. Kxe3 Bxh4 57. a4 Bd8 58. Ke4 Kf6
59. Kf4 g5+ 60. Ke4 Kg6 61. Kf3 Kh5 0-1

[Event "Mauricie op U1400"]
[Site "Trois-Rivieres CAN"]
[Date "2014.03.15"]
[Round "2"]
[White "Gosselin, Jonathan"]
[Black "Gougeon, Patrick"]
[Result "1-0"]
[WhiteElo "1156"]
[BlackElo "1329"]
[PlyCount "41"]
[EventDate "2014.03.14"]
[EventType "swiss"]
[EventRounds "5"]
[EventCountry "CAN"]

1. d4 f5 2. f3 d5 3. Nc3 Nf6 4. Bg5 h6 5. Bxf6 gxf6 6. e4 c6 7. Nh3 Qd6 8. exd5
a6 9. dxc6 Nxc6 10. d5 Nd8 11. f4 h5 12. Be2 h4 13. Bh5+ Nf7 14. Qf3 e6 15.
O-O-O e5 16. fxe5 fxe5 17. Ng5 Qh6 18. Bxf7+ Kd8 19. Qe3 Qf6 20. d6 Bh6 21.
Qb6+ 1-0

[Event "Mauricie op U1400"]
[Site "Trois-Rivieres CAN"]
[Date "2014.03.15"]
[Round "2"]
[White "Noel, Maxime"]
[Black "Gunn, Richard"]
[Result "0-1"]
[WhiteElo "1226"]
[BlackElo "1322"]
[PlyCount "82"]
[EventDate "2014.03.14"]
[EventType "swiss"]
[EventRounds "5"]
[EventCountry "CAN"]

1. c4 Nf6 2. Nc3 e5 3. g3 Bc5 4. Bg2 O-O 5. Nf3 Nc6 6. O-O a6 7. d3 Nh5 8. Rb1
f5 9. a3 Nf6 10. b4 Be7 11. b5 axb5 12. cxb5 e4 13. dxe4 Nxe4 14. Nxe4 fxe4 15.
Qb3+ d5 16. bxc6 exf3 17. Bxf3 bxc6 18. Bb2 Qd6 19. Qc3 Bf6 20. Qb3 Bxb2 21.
Qxb2 Rxa3 22. Ra1 Rxa1 23. Rxa1 Bh3 24. Rd1 Be6 25. Bg2 Kh8 26. e4 Bg4 27. Rd2
Be6 28. exd5 cxd5 29. Qd4 c5 30. Qa4 Qe5 31. Qd1 Ra8 32. Re2 Qf6 33. h3 Ra1 34.
Qxa1 Qxa1+ 35. Bf1 Qf6 36. Bg2 c4 37. Bxd5 c3 38. Bxe6 g6 39. Ra2 Qxe6 40. Ra8+
Kg7 41. Ra7+ Kh6 0-1